000 00839nam a2200229Ia 4500
003 GCL
008 140319s9999 xx 000 0 ara d
020 _a8198410977
040 _aGCL /
_cGCL
082 0 4 _a374
_bس ب
100 1 _aسعيد محمد محمد السعيد
245 1 0 _aبرامج تعليم الكبار :
_bاعدادها - تدريسها - تقويمها /
_cسعيد محمد محمد السعيد
250 _aالاولى
260 _aالقاهرة :
_bدار الفكر العربى ،
_c2006
300 _a282 ص ؛
_c24 سم
650 0 4 _aتعليم الكبار
650 0 4 _aالتعليم عن بعد
650 0 4 _aتعليم الكبار - برامج
650 0 4 _aتعليم الكبار - طرق تدريس
650 0 4 _aتعليم الكبار - اغراضه واهدافه
942 _2ddc
_cBK
999 _c9617
_d9617